Statystyki dla Quiz o Wielkanocy

Kliknij tutaj aby rozwiązać quiz!

Ogólne statystyki

  • Ten quiz został rozwiązany 242 razy
  • Średni wynik to 11 z 16

Statystyki odpowiedzi

PytanieOdpowiedź% Poprawnych
Dzień, w którym zaczyna się ten okresŚroda {Popielcowa}
98%
Piątek przed Wielkanocą{Wielki} Piątek
98%
Cały tydzień przed Wielkanocą{Wielki} Tydzień
98%
Niedziela tydzień przed WielkanocąNiedziela {Palmowa}
90%
Osoba, która zdradziła Jezusa za srebroJudasz
88%
Z czego została wykonana korona JezusaCierni
79%
40-dniowy okres przed WielkanocąWielki Post
75%
Osoba, która trzykrotnie zaparła się JezusaPiotr
69%
Prefekt rzymski, który zezwolił na ukrzyżowanie JezusaPoncjusz Piłat
67%
Wzgórze, na którym ukrzyżowano JezusaCalvaria / Golgota
61%
Osoba, która uznała grób Jezusa za pustyMaria Magdalena
61%
Pierwsza rzecz, którą Jezus powiedział na krzyżu: „Ojcze, _______ ____, bo oni
nie wiedzą, co czynią”
Wybacz im
59%
Kolejna rzecz, którą powiedział Jezus, która doprowadziła do wielu różnych interpretacji:
„Boże mój, Boże mój, czemuś ________ ___”?
Mnie opuścił
58%
Święto żydowskie, które przypada mniej więcej w tym samym czasie co WielkanocPascha
46%
Osoba, która wątpiła w zmartwychwstanie JezusaTomasz
43%
Nazwa dla dramatycznego przedstawienia cierpienia JezusaWielkanocny {korowód}
1%

Rozkład punktacji

Percentyl według liczby udzielonych odpowiedzi

Procent ludzi z każdym wynikiem

Twoja historia wyników

Nie rozwiązałeś tego quizu